000 00589nam a2200205Ia 4500
003 GCL
008 140319s9999 xx 000 0 ara d
040 _aGCL /
_cGCL
082 0 4 _a415.3
_bش م
100 1 _aشوقى ضيف
245 1 0 _aالمدارس النحوية /
_cشوقى ضيف
250 _aالسابعة
260 _aالقاهرة :
_bدار المعارف ،
_c1992
300 _a375 ؛
_c24 سم
490 _a
650 0 4 _aالادب العربى
650 0 4 _aاللغة العربية
650 0 4 _aاللغة العربية - النحو
942 _2ddc
_cBK
999 _c55096
_d55096